Merged Company Logos #3 - Statistics

General Stats
  • This quiz has been taken 64,703 times
  • The average score is 21 of 32
Answer Stats
Hint Sector Answer % Correct
Food ๐Ÿ‡บ๐Ÿ‡ธ Burger King
98%
Automotive ๐Ÿ‡ฉ๐Ÿ‡ช Audi
95%
Food ๐Ÿ‡บ๐Ÿ‡ธ Kentucky FriedChicken
94%
Gaming ๐Ÿ‡ฏ๐Ÿ‡ต Nintendo
94%
Technology ๐Ÿ‡ฐ๐Ÿ‡ท Samsung
93%
Fashion ๐Ÿ‡ซ๐Ÿ‡ท Louis Vuitton
90%
Fashion ๐Ÿ‡ฎ๐Ÿ‡น Gucci
89%
Social Media ๐Ÿ‡บ๐Ÿ‡ธ Pinterest
87%
Gaming ๐Ÿ‡ฏ๐Ÿ‡ต PlayStation
87%
Quizzes ๐Ÿ‡บ๐Ÿ‡ธ JetPunk
86%
Food ๐Ÿ‡บ๐Ÿ‡ธ Kellogg's
86%
Food ๐Ÿ‡บ๐Ÿ‡ธ Frito-Lay
82%
Sport ๐Ÿ‡บ๐Ÿ‡ธ New Balance
81%
Sport ๐Ÿ‡ฐ๐Ÿ‡ท Fila
80%
Automotive ๐Ÿ‡ฐ๐Ÿ‡ท Hyundai
79%
Fashion ๐Ÿ‡ฎ๐Ÿ‡น Ray-Ban
75%
Automotive ๐Ÿ‡ฏ๐Ÿ‡ต Nissan
72%
Gaming ๐Ÿ‡บ๐Ÿ‡ธ Electronic Arts
68%
Automotive ๐Ÿ‡ฏ๐Ÿ‡ต Suzuki
64%
Sport ๐Ÿ‡ฏ๐Ÿ‡ต Asics
62%
Technology ๐Ÿ‡บ๐Ÿ‡ธ General Electric
60%
Sport ๐Ÿ‡บ๐Ÿ‡ธ Under Armour
59%
Food ๐Ÿ‡บ๐Ÿ‡ธ Campbell's
55%
Sport/Lifestyle ๐Ÿ‡บ๐Ÿ‡ธ Converse
44%
Automotive ๐Ÿ‡บ๐Ÿ‡ธ General Motors
44%
Household ๐Ÿ‡บ๐Ÿ‡ธ Arm & Hammer
41%
Automotive ๐Ÿ‡ฏ๐Ÿ‡ต Yamaha
41%
Beverage๐Ÿ‡บ๐Ÿ‡ธ๐Ÿ‡ง๐Ÿ‡ช Budweiser
34%
Energy ๐Ÿ‡บ๐Ÿ‡ธ Texaco
31%
Beverage ๐Ÿ‡ฉ๐Ÿ‡ฐ Carlsberg
22%
Food ๐Ÿ‡บ๐Ÿ‡ธ General Mills
22%
Sport ๐Ÿ‡ฌ๐Ÿ‡ง Speedo
20%
No matching quizzes found
Score Distribution
Percent of People with Each Score
Percentile by Number Answered
Your Score History
You have not taken this quiz